Eastern Utah Libraries Catalog: Duchesne, Heber, Roosevelt, & Vernal

Brave like Godzilla / (Record no. 404875)

MARC details
000 -LEADER
fixed length control field 01607cam a2200373 i 4500
001 - CONTROL NUMBER
control field 1441794839
003 - CONTROL NUMBER IDENTIFIER
control field OCoLC
005 - DATE AND TIME OF LATEST TRANSACTION
control field 20250226155731.0
008 - FIXED-LENGTH DATA ELEMENTS--GENERAL INFORMATION
fixed length control field 240624s2024 nyua a 000 1 eng d
020 ## - INTERNATIONAL STANDARD BOOK NUMBER
International Standard Book Number 9780593662199
Qualifying information lib. bdg.
020 ## - INTERNATIONAL STANDARD BOOK NUMBER
International Standard Book Number 0593662199
Qualifying information lib. bdg.
035 ## - SYSTEM CONTROL NUMBER
System control number (OCoLC)1441794839
Canceled/invalid control number (OCoLC)1401655451
040 ## - CATALOGING SOURCE
Original cataloging agency GCmBT
Language of cataloging eng
Description conventions rda
Transcribing agency TXG
Modifying agency TXG
-- JAS
-- OCLCO
-- UAP
-- GO3
-- OCLCQ
-- YDX
-- BDX
-- OCO
-- YBM
-- OCLCO
050 14 - LIBRARY OF CONGRESS CALL NUMBER
Classification number PZ7.1.M646
Item number Br 2024
082 04 - DEWEY DECIMAL CLASSIFICATION NUMBER
Classification number [E]
Edition number 23/eng/20240621
092 ## - LOCALLY ASSIGNED DEWEY CALL NUMBER (OCLC)
Classification number children picture book
Item number Moon
100 1# - MAIN ENTRY--PERSONAL NAME
Personal name Moon, Charlie,
Relator term author.
9 (RLIN) 6464318
245 10 - TITLE STATEMENT
Title Brave like Godzilla /
Statement of responsibility, etc words by Charlie Moon ; illustrations by Jordan Bradley and Milo Moore.
264 #1 - Production, Publication, Distribution, Manufacture, and Copyright Notice.
Place of production, publication, distribution, manufacture New York :
Name of producer, publisher, distributor, manufacturer Penguin Young Readers Licenses, an imprint of Penguin Random House LLC,
Date of production, publication, distribution, manufacture, or copyr 2024.
300 ## - PHYSICAL DESCRIPTION
Extent 1 volume (unpaged) :
Other physical details color illustrations ;
Dimensions 24 cm.
336 ## - Content Type
Content type term text
336 ## - Content Type
Content type term still image
337 ## - Media type
Media type term unmediated
338 ## - Carrier type
Carrier type term volume
520 ## - SUMMARY, ETC.
Summary, etc When Gabara spoils their fun-filled day on Monster Island, Minilla and his friends get some help from Godzilla who shows them the importance of working together and never giving up!
650 #0 - SUBJECT ADDED ENTRY--TOPICAL TERM
Topical term or geographic name as entry element Monsters
Form subdivision Juvenile fiction.
9 (RLIN) 5674163
650 #0 - SUBJECT ADDED ENTRY--TOPICAL TERM
Topical term or geographic name as entry element Friendship
Form subdivision Juvenile fiction.
9 (RLIN) 5673647
650 #0 - SUBJECT ADDED ENTRY--TOPICAL TERM
Topical term or geographic name as entry element Courage
Form subdivision Juvenile fiction.
9 (RLIN) 5674775
655 #7 - INDEX TERM--GENRE/FORM
Genre/form data or focus term Monster fiction.
Source of term lcgft
9 (RLIN) 6372837
655 #7 - INDEX TERM--GENRE/FORM
Genre/form data or focus term Picture books.
Source of term lcgft
700 1# - ADDED ENTRY--PERSONAL NAME
Personal name Bradley, Jordan,
Relator term illustrator.
9 (RLIN) 6539635
700 1# - ADDED ENTRY--PERSONAL NAME
Personal name Moore, Milo
Titles and other words associated with a name (Illustrator)
9 (RLIN) 6539636
942 ## - ADDED ENTRY ELEMENTS (KOHA)
Source of classification or shelving scheme Dewey Decimal Classification
Koha item type BOOK
Holdings
Withdrawn status Lost status Source of classification or shelving scheme Damaged status Not for loan Collection code Home library Current library Shelving location Date acquired Source of acquisition Total Checkouts Total Renewals Full call number Barcode Date last seen Date checked out Cost, replacement price Price effective from Koha item type
    Dewey Decimal Classification     Children Picture Books Wasatch County Library Wasatch County Library Main Floor Childrens Area 02/26/2025 Micromarketing 2 3 E Moon 34301002147314 03/04/2026 11/08/2025 14.99 02/26/2025 BOOK
This project was made possible through a grant from the Institute of Museum and Library Service administered by the Utah State Library Division.

Wasatch County Library

  • 465 East 1200 South, Heber City, Utah 84032
  • Phone 435-654-1511 | Fax 435-654-6456

Hours

  • Monday - Friday 9:30 AM - 8:00 PM
  • Saturday 9:30 AM - 1:30 PM
  • Closed Sundays and Holidays